00338nam a2200145Ia 4500008004000000020001800040041000800058082001600066100001800082245002600100260002300126300001300149650001400162650001600176210210b2008 xxu||||| |||| 00| 0 eng d a9788120330740 aeng a332.64 KUMF aKUMAR (S S S) aFinancial derivatives aNew Delhib-c2008 axxiv,401 aFinancial aderivatives